Biswas Sabhyatar Jilingoni (Record no. 5188)

MARC details
000 -LEADER
fixed length control field 00466cam a2200181ua 4500
008 - FIXED-LENGTH DATA ELEMENTS--GENERAL INFORMATION
fixed length control field 131101n ii |||gr||||Z||||||eng
040 ## - CATALOGING SOURCE
Transcribing agency MAIN
082 ## - DEWEY DECIMAL CLASSIFICATION NUMBER
Classification number 909
245 ## - TITLE STATEMENT
Title Biswas Sabhyatar Jilingoni
Statement of responsibility, etc. By Ramesh Ch. Kalita
250 ## - EDITION STATEMENT
Edition statement 1st.
260 ## - PUBLICATION, DISTRIBUTION, ETC.
Place of publication, distribution, etc. GUwahati:
Name of publisher, distributor, etc. Publication Board Assam,
Date of publication, distribution, etc. 2007.
300 ## - PHYSICAL DESCRIPTION
Extent x,255p.
700 ## - ADDED ENTRY--PERSONAL NAME
Personal name Kalita,Ramesh Ch.,
Relator term
942 ## - ADDED ENTRY ELEMENTS (KOHA)
Koha item type Books
653 ## - INDEX TERM--UNCONTROLLED
Uncontrolled term World history
653 ## - INDEX TERM--UNCONTROLLED
Uncontrolled term Biswa Sabhyatar Jilingoni
Holdings
Withdrawn status Lost status Damaged status Not for loan Home library Current library Shelving location Date acquired Total Checkouts Full call number Barcode Date last seen Date last checked out Copy number Price effective from Koha item type
        Central Library, Naharkatiya College Central Library, Naharkatiya College General Stacks 19/09/2020 3 909 | KAL 18913 19/09/2024 16/09/2024 1 19/09/2020 Books

Naharkatiya College © 2020. All rights reserved.

Powered By